Unstable SMP Antagonists - Statistics

General Stats
  • This quiz has been taken 124 times
  • The average score is 8 of 17
Answer Stats
Status Part Of Answer % Correct
Alive The Mafia ashswagg
98%
Alive The Law LettuceK
89%
Unknown Zam Empire PrinceZam
86%
Deceased B.A.T.The Law Leow0ok
83%
Deceased The Law Deputy_Ace
67%
Alive The Law SargeLAW
63%
Alive The Mafia ClownPierce
61%
Alive The Law TheG0dOfWar
57%
Deceased District 13The Mafia? Wifies
55%
Alive The Avengers Jaden_MAN
46%
Alive The Mafia FerreMC
39%
Deceased The Law The_Oroboros
29%
Alive The Mafia Reddoons
21%
Alive N/A Arachn1d
16%
Alive The Law loppezz
15%
Alive N/A Yungix
11%
Alive The Phantoms HerobaneNair
9%
No matching quizzes found
Score Distribution
Percent of People with Each Score
Percentile by Number Answered
Your Score History
You have not taken this quiz